| 000 -LEADER |
| fixed length control field |
01655cam a22003734i 4500 |
| 001 - CONTROL NUMBER |
| control field |
17806808 |
| 005 - DATE AND TIME OF LATEST TRANSACTION |
| control field |
20221230191106.0 |
| 008 - FIXED-LENGTH DATA ELEMENTS--GENERAL INFORMATION |
| fixed length control field |
130710s2013 dcua b 000 0 eng |
| 010 ## - LIBRARY OF CONGRESS CONTROL NUMBER |
| LC control number |
2013023649 |
| 020 ## - INTERNATIONAL STANDARD BOOK NUMBER |
| International Standard Book Number |
9781610914239 (cloth : alk. paper) |
| 020 ## - INTERNATIONAL STANDARD BOOK NUMBER |
| International Standard Book Number |
1610914236 (cloth : alk. paper) |
| 040 ## - CATALOGING SOURCE |
| Original cataloging agency |
DLC |
| Language of cataloging |
eng |
| Transcribing agency |
DLC |
| Description conventions |
rda |
| Modifying agency |
DLC |
| 041 1# - LANGUAGE CODE |
| Language code of text/sound track or separate title |
eng |
| Language code of original |
dan |
| 042 ## - AUTHENTICATION CODE |
| Authentication code |
pcc |
| 050 00 - LIBRARY OF CONGRESS CALL NUMBER |
| Classification number |
HT166 |
| Item number |
.G43713 2013 |
| 082 00 - DEWEY DECIMAL CLASSIFICATION NUMBER |
| Classification number |
307.1/216 |
| Edition number |
23 |
| 100 1# - MAIN ENTRY--PERSONAL NAME |
| Personal name |
Gehl, Jan, |
| Dates associated with a name |
1936- |
| 240 10 - UNIFORM TITLE |
| Uniform title |
Bylivsstudier. |
| Language of a work |
English |
| 245 10 - TITLE STATEMENT |
| Title |
How to study public life / |
| Statement of responsibility, etc. |
by Jan Gehl and Birgitte Svarre ; translation by Karen Ann Steenhard. |
| 264 #1 - PRODUCTION, PUBLICATION, DISTRIBUTION, MANUFACTURE, AND COPYRIGHT NOTICE |
| Place of production, publication, distribution, manufacture |
Washington : |
| Name of producer, publisher, distributor, manufacturer |
Island Press, |
| Date of production, publication, distribution, manufacture, or copyright notice |
[2013] |
| 300 ## - PHYSICAL DESCRIPTION |
| Extent |
xiii, 179 pages : |
| Other physical details |
colored illustrations ; |
| Dimensions |
27 cm. |
| 336 ## - CONTENT TYPE |
| Content type term |
text |
| Source |
rdacontent |
| 337 ## - MEDIA TYPE |
| Media type term |
unmediated |
| Source |
rdamedia |
| 338 ## - CARRIER TYPE |
| Carrier type term |
volume |
| Source |
rdacarrier |
| 500 ## - GENERAL NOTE |
| General note |
Translation of the author's Bylivsstudier. |
| 504 ## - BIBLIOGRAPHY, ETC. NOTE |
| Bibliography, etc. note |
Includes bibliographical references (p. 172-177). |
| 505 0# - FORMATTED CONTENTS NOTE |
| Formatted contents note |
Public space, public life: an interaction -- Who, what, where? -- Counting, plotting, tracking and other tools -- Public life studies in a historic perspective -- How they did it : research notes -- How they did it : public life studies in practice -- Public life studies and urban policy. |
| 650 #0 - SUBJECT ADDED ENTRY--TOPICAL TERM |
| Topical term or geographic name entry element |
City planning. |
| 650 #0 - SUBJECT ADDED ENTRY--TOPICAL TERM |
| Topical term or geographic name entry element |
Public spaces |
| General subdivision |
Social aspects. |
| 700 1# - ADDED ENTRY--PERSONAL NAME |
| Personal name |
Svarre, Birgitte. |
| 906 ## - LOCAL DATA ELEMENT F, LDF (RLIN) |
| a |
7 |
| b |
cbc |
| c |
orignew |
| d |
1 |
| e |
ecip |
| f |
20 |
| g |
y-gencatlg |
| 925 0# - |
| -- |
acquire |
| -- |
2 shelf copies |
| -- |
policy default |
| 955 ## - COPY-LEVEL INFORMATION (RLIN) |
| -- |
rm03 2013-07-10 |
| -- |
xl06 2013-08-20 |
| -- |
re06 2014-4-7 to CALM |